|
|
|
|
| LEADER |
00000nab a2200000 a 4500 |
| 001 |
vtls000026860 |
| 003 |
SK-MaSNL |
| 005 |
20260304064440.0 |
| 008 |
250422c1978 xo 0 slo |
| 015 |
|
|
|a SNBRB19rr/mm-uuuuu
|
| 035 |
|
|
|a CL0036954
|
| 035 |
|
|
|a urn:nbn:sk:snk-ab7irg
|
| 035 |
|
|
|a (urnnbn)urn:nbn:sk:snk:ar-005xcs
|
| 035 |
|
|
|a (uuid)8556e4ea-6652-4e11-875e-65b62536eb90
|
| 040 |
|
|
|a SNKBUCL
|b slo
|c SNKBUCL
|e AACR2
|
| 041 |
0 |
|
|a eng
|
| 044 |
|
|
|a xo
|c SK
|
| 080 |
|
|
|a 541
|2 1981
|
| 080 |
|
|
|a 547
|2 1981
|
| 080 |
|
|
|a 539
|2 1981
|
| 100 |
1 |
|
|a Fiala, Zdeněk,
|d 1955-
|4 aut
|9 1352299
|
| 245 |
1 |
0 |
|a NMR study of the phenol-formaldehyde-water-methanol system
|c Z. Fiala, M. Navrátil
|
| 300 |
|
|
|b Grafy 3. Obr. 1. Res. rus.
|
| 650 |
0 |
7 |
|a rezonancia jadrová
|2 snkbucl
|9 1352300
|
| 650 |
0 |
7 |
|a fenol
|2 snkbucl
|9 1016749
|
| 650 |
0 |
7 |
|a formaldehyd
|2 snkbucl
|9 18964
|
| 650 |
0 |
7 |
|a voda
|2 snkbucl
|9 854
|
| 655 |
|
7 |
|a články z novín a časopisov
|2 snkbucl
|9 267496
|
| 700 |
1 |
|
|a Navrátil, Martin
|4 aut
|9 448679
|
| 773 |
0 |
|
|t Chemické zvesti
|g Roč. 32, č. 1 (1978), s. 51-58
|
| 850 |
|
|
|a Slovenská národná knižnica
|
| 852 |
|
|
|a Slovenská národná knižnica
|
| 954 |
|
|
|a odborná, vedecká literatúra cudzojazyčná (svetová)
|2 lita
|
| 958 |
|
|
|a article7
|
| 958 |
|
|
|a RK
|
| 958 |
|
|
|a CZ
|
| 958 |
|
|
|a EUIPO
|
| 958 |
|
|
|a OND
|
| 992 |
|
|
|a RBX
|
| 999 |
|
|
|c 2746413
|d 2748343
|